El tesoro de hielo /

Las chicas del Club de Tea y los Ratones Azules viven una increíble aventura en Alaska, con carreras en motos de nieve, danzas inuits y misteriosas explosiones en el hielo. En esa fría tierra, la amistad del Club de Tea tendrá que superar una dura prueba: ¡los celos!

Guardado en:
Autor Principal: Stilton, Tea.
Formato: Libro
Idioma:Undetermined
Publicado: Buenos Aires : Destino, 2013.
Edición:1a ed.
Series:Tea Stilton ; 7
Materias:
Etiquetas: Agregar Etiqueta
Sin Etiquetas, Sea el primero en etiquetar este registro!
LEADER 01002nam a22002295a 4500
001 CEM.cems020875
008 240306s2013####ag############000#0#und#d
005 20240306164010.0
245 1 0 |a El tesoro de hielo /  |c Tea Stilton. 
250 |a 1a ed. 
260 |a Buenos Aires :  |b Destino,  |c 2013. 
300 |a 224 p. 
490 1 |a Tea Stilton ;  |v 7 
500 |a Inspirado en una idea original de Elisabetta Dami, autora de Geronimo Stilton. 
500 |a Título original: Il tesoro di ghiaccio. 
520 |a Las chicas del Club de Tea y los Ratones Azules viven una increíble aventura en Alaska, con carreras en motos de nieve, danzas inuits y misteriosas explosiones en el hielo. En esa fría tierra, la amistad del Club de Tea tendrá que superar una dura prueba: ¡los celos! 
020 |a 9789507322167 
100 1 |a Stilton, Tea. 
653 |a Literatura infantil 
653 |a Literatura italiana 
653 |a Novela infantil 
859 |a CEMS  |b BIB. CEMS - Inicial y Primaria  |h 853.9  |i St549-1  |k IP  |p 6176  |t Ej.1